000 00440nmm a2200157Ia 4500
008 251105s9999||||xx |||||||||||||||||und||
020 _a8482805862
041 _aspa
100 _aVargas Vila, José María
245 0 _aCopos de espuma
264 _a[Bogotá, Colombia] :
_bOveja Negra,
_c1983
300 _a112 páginas
650 _aLatin American narrative
856 _uhttps://public.digitaliapublishing.com/a/47445
942 _cCF
999 _c73728
_d73728